| 000 | 00913nas a2200301 4500 | ||
|---|---|---|---|
| 001 | BR0402788 | ||
| 003 | BR-BrBNA | ||
| 005 | 20231205104557.0 | ||
| 007 | ta | ||
| 008 | 230509b bl.|||p| |||| 00| 00por d | ||
| 040 |
_aBR-BrBNA _bpor _cBiblioteca Nacional de Agricultura |
||
| 041 | _a(Pt) | ||
| 072 | _aN20; P40 | ||
| 100 | 1 | _aFernandes, H.C. | |
| 100 | 1 | _aSouza, A.P. de | |
| 100 | 1 | _aVitória, E.L. da | |
| 245 | 1 | _aDeterminação do número de dias potencialmente úteis para o trabalho com máquinas florestais | |
| 650 | _aTRABALHADOR RURAL | ||
| 650 | _aMÁQUINA AGRÍCOLA | ||
| 650 | _aCHUVA | ||
| 650 | _aSOLO FLORESTAL | ||
| 650 | _aÁGUA DO SOLO | ||
| 650 | _aMETEOROLOGIA | ||
| 650 | _aMODELO MATEMÁTICO | ||
| 773 | 0 |
_tRevista Árvore (Brazil) _xISSN 0100-6762 _g(Jul-Sep 2000), v. 24(3) p. 269-274 _wBR0402788 |
|
| 909 |
_a202311 _bLúcia _c55 _dLúcia Elande |
||
| 942 |
_2AGRIS _n0 _cANA |
||
| 999 |
_c178804 _d178804 |
||